00429nam a2200157 4500003001100000005001700011008004100028020001500069040003900084041000800123082001300131100001800144245005300162260003600215650002000251LK-CoMWRAF20230908100707.0230908b1985 |||||||| |||| 00| 0 eng d a0345414055 aLK-CoMWRAFdLK-CoMWRAFeLK-CoMWRAF aeng a823bEME aEmerson, Earl aThe Rainy city :bThe first thomas black mystery aU. S. A. :bEarl Emerson,c1985 aEnglish Fiction